书目信息 |
| 题名: |
艺术英语学习指导
|
|
| 作者: | 王玉华 主编 | |
| 分册: | ||
| 出版信息: | 上海 复旦大学出版社 |
|
| 页数: | 38页 | |
| 开本: | 20cm | |
| 丛书名: | ||
| 单 册: | ||
| 中图分类: | 38 , H31 | |
| 科图分类: | ||
| 主题词: | 英语 | |
| 电子资源: | ||
| ISBN: | ||
| 000 | 00543nam0 2200193 450 | |
| 001 | 1440484909 | |
| 005 | 20141106111659.88 | |
| 100 | @a20141106d km y0chiy0120 ea | |
| 101 | 0 | @achi |
| 102 | @aCN@b310000 | |
| 200 | 1 | @a艺术英语学习指导@Ayi shu ying yu xue xi zhi dao@f王玉华主编@Fwang yu hua zhu bian |
| 210 | @a上海@c复旦大学出版社 | |
| 215 | @a38页@d20cm | |
| 606 | 0 | @a英语 |
| 690 | @a38@v4 | |
| 690 | @aH31@v4 | |
| 701 | 0 | @a王玉华@Awang yu hua@4主编 |
| 801 | 0 | @aCN@b大连网信软件有限公司图书馆·11@c20141106 |
| 905 | @aZUCC@dH31@eW4421 | |
| 艺术英语学习指导/王玉华主编.-上海:复旦大学出版社 |
| 38页;20cm |
| ISBN : |
| ● |
| 相关链接 |
|
|
|
正题名:艺术英语学习指导
索取号:H31/W4421
 
预约/预借
| 序号 | 登录号 | 条形码 | 馆藏地/架位号 | 状态 | 备注 |
| 1 | 494915 | 204949155 | 语言库209/209语言库 87排3列4层/ [索取号:H31/W4421] | 在馆 | |
| 2 | 494916 | 204949164 | 语言库209/209语言库 87排3列4层/ [索取号:H31/W4421] | 在馆 |